Co to za sportowiec ? - Statystyki

Ogólne statystyki
  • Ten quiz został rozwiązany 1 860 razy
  • Średni wynik to 11 z 15
Statystyki odpowiedzi
Zawód Sportowiec % Poprawnych
Skoki Narciarskie [NIE UPRAWIA JUŻ TEGO ZAWODU] Adam Małysz
97%
Skoki Narciarskie [ Nazywają go 2 małyszem] Kamil Stoch
97%
F1 [Najlepszy polski zawodnik] Robert Kubica
94%
Piłka Nożna Robert Lewandowski
91%
Piłka Nożna [były zawodnik obecnie prezes PZPN] Zbigniew Boniek
86%
Koszykówka [Występował w NBA] Marcin Gortat
83%
Strongmen [Najlepszy w historii strongmen] Mariusz Pudzianowski
83%
Skoki Narciarskie [mistrz świata z 2019 roku] Dawid Kubacki
82%
Tenis [Najlepsza polska zawodniczka] Agnieszka Radwańska
78%
Biegi Narciarskie [polska najlepsza zawodniczka zdobywała wiele medali] Justyna Kowalczyk
66%
Rzut Młotem [ chyba wiadome o kogo chodzi] Anita Włodarczyk
65%
Żużel [NIE UPRAWIA JUŻ TEGO ZAWODU] Tomasz Gollob
59%
Żużel [Mistrz świata z 2019 roku] Bartosz Zmarzlik
58%
Siatkówka [ jego nazwisko ma nazwę zwierza] Bartosz Kurek
43%
Mma [ Występuje w ksw nie dawno wrócił] Mamed Khalidow
23%
Nie znaleziono quizów pasujących do podanych kryteriów
Rozkład punktacji
Procent ludzi z każdym wynikiem
Percentyl według liczby udzielonych odpowiedzi
Twoja historia wyników
Nie rozwiązałeś tego quizu